书目信息 |
| 题名: |
王国维与叔本华哲学
|
|
| 作者: | 陈元晖 著 | |
| 分册: | ||
| 出版信息: | 北京 中国社会科学出版社 1981 |
|
| 页数: | 97页 | |
| 开本: | 19cm | |
| 丛书名: | ||
| 单 册: | ||
| 中图分类: | B259.9 | |
| 科图分类: | ||
| 主题词: | 近代哲学--中国 | |
| 电子资源: | ||
| ISBN: | ||
| 000 | 00721nam0 2200253 45 | |
| 001 | 0181004509 | |
| 005 | 20060728085236.82 | |
| 010 | @dCNY0.32 | |
| 091 | @a2190.028 | |
| 100 | @a19950311d1981 em y0chiy0121 ea | |
| 101 | 0 | @achi |
| 102 | @aCN@b110000 | |
| 105 | @ay m 000yy | |
| 200 | 10 | @a王国维与叔本华哲学@Awang guo wei yu shu ben hua zhe xue@f陈元晖著@Fchen yuan hui zhu |
| 210 | @a北京@c中国社会科学出版社@d1981 | |
| 215 | @a97页@d19cm | |
| 600 | 0 | @a王国维@z1877-1972@x哲学思想 |
| 600 | 1 | @a叔本华@z1788-1860@x哲学思想 |
| 606 | @a近代哲学@y中国 | |
| 690 | @aB259.9@v3 | |
| 701 | 0 | @a陈元晖@Achen yuan hui@4著 |
| 801 | 0 | @aCN@b上海图书馆@c20060728 |
| 801 | 2 | @aCN@bNLC@c20060522 |
| 905 | @dB259.9@e6 | |
| 王国维与叔本华哲学/陈元晖著.-北京:中国社会科学出版社,1981 |
| 97页;19cm |
| ISBN :CNY0.32 |
| ● |
| 相关链接 |
|
|
|
|
正题名:王国维与叔本华哲学
索取号:B259.9/6
 
预约/预借
| 序号 | 登录号 | 条形码 | 馆藏地/架位号 | 状态 | 备注 |
| 1 | 0049978 | 202362291 | 密集书库/ [索取号:B259.9/6] | 在馆 | |
| 2 | 0049979 | 001842545 | 密集书库/ [索取号:B259.9/6] | 在馆 | |
| 3 | 0049980 | 001842518 | 密集书库/ [索取号:B259.9/6] | 在馆 | |
| 4 | 0049981 | 000524123 | 密集书库/ [索取号:B259.9/6] | 在馆 | |
| 5 | 0049982 | 000524169 | 第一样本阅览室/ [索取号:B259.9/6] | 在馆 | |
| 6 | 0063074 | 202159252 | 密集书库/ [索取号:B259.9/6] | 在馆 | |
| 7 | 0063075 | 001842536 | 密集书库/ [索取号:B259.9/6] | 在馆 | |
| 8 | 0063076 | 202174949 | 密集书库/ [索取号:B259.9/6] | 在馆 | |
| 9 | 0440248 | 204402486 | 密集书库/ [索取号:B259.9/6] | 在馆 | |
| 10 | 0440249 | 204402495 | 密集书库/ [索取号:B259.9/6] | 在馆 |